[Event "LTU chess league"]
[Site "LTU"]
[Date "2008.11.09"]
[Round "2.22"]
[White "Savickas, Airidas"]
[Black "Chocenka, Dmitrijus"]
[Result "1/2-1/2"]
[WhiteElo "2358"]
[BlackElo "2297"]
[PlyCount "70"]
[EventDate "2008.11.08"]

1. e4 c5 2. Nf3 d6 3. Bb5+ Nc6 4. O-O Bd7 5. c3 Nf6 6. Qe2 a6 7. Ba4 b5 8. Bc2
e5 9. Rd1 Bg4 10. d3 Be7 11. Nbd2 O-O 12. Nf1 Re8 13. h3 Bd7 14. Ng3 g6 15. Bh6
Qb6 16. Nf1 Nd8 17. Ne3 Ne6 18. Bb3 Bf8 19. Bxf8 Nf4 20. Qd2 Kxf8 21. Ng5 Re7
22. g3 N4h5 23. Kg2 Kg7 24. Nf3 Bc6 25. Nd5 Bxd5 26. Bxd5 Nxd5 27. exd5 Nf6 28.
c4 e4 29. Nh4 Re5 30. b3 Rae8 31. Re1 exd3 32. Nf3 Rxe1 33. Rxe1 bxc4 34. Rxe8
Nxe8 35. bxc4 Qb1 1/2-1/2

[Event "LTU chess league"]
[Site "LTU"]
[Date "2008.11.09"]
[Round "2.23"]
[White "Limontas, Martynas"]
[Black "Kalvaitis, Sigitas"]
[Result "1/2-1/2"]
[WhiteElo "2282"]
[BlackElo "2230"]
[PlyCount "55"]
[EventDate "2008.11.08"]

1. d4 e6 2. e4 d5 3. e5 c5 4. c3 Nc6 5. Nf3 Qb6 6. a3 Nh6 7. b4 cxd4 8. cxd4
Nf5 9. Bb2 Bd7 10. g4 Nh6 11. Rg1 Rc8 12. Nbd2 f6 13. Bd3 Nf7 14. Qe2 Be7 15.
h4 fxe5 16. dxe5 g5 17. hxg5 Nxg5 18. Rh1 Nxb4 19. axb4 Qxb4 20. Rb1 Nxf3+ 21.
Qxf3 Rf8 22. Qh3 Bc5 23. f3 Qf4 24. Qh2 Qe3+ 25. Qe2 Qf4 26. Qh2 Qe3+ 27. Qe2
Qf4 28. Qh2 1/2-1/2

[Event "LTU chess league"]
[Site "LTU"]
[Date "2008.11.09"]
[Round "2.24"]
[White "Godlauskas, Kazys"]
[Black "Lipskij, Valerij"]
[Result "1-0"]
[WhiteElo "2274"]
[BlackElo "2131"]
[PlyCount "120"]
[EventDate "2008.11.08"]

1. e4 d5 2. exd5 Qxd5 3. Nc3 Qd6 4. d4 Nf6 5. Nf3 a6 6. g3 b5 7. Bg2 Bb7 8. O-O
e6 9. Bf4 Qb6 10. a4 b4 11. a5 Qa7 12. Na4 Bd5 13. Qe2 Nbd7 14. c4 bxc3 15.
Nxc3 Bd6 16. Nxd5 Nxd5 17. Ne5 Bxe5 18. Bxd5 exd5 19. Bxe5 O-O 20. Bxg7 Kxg7
21. Qg4+ Kh8 22. Qxd7 Qxd4 23. Rad1 Qxb2 24. Qxc7 Rad8 25. Qc6 Rfe8 26. Rxd5
Rxd5 27. Qxd5 Re6 28. Rd1 Qc3 29. Kg2 Kg7 30. Rd4 Qc7 31. Rc4 Qe7 32. Rg4+ Rg6
33. Rf4 Qc7 34. Rf5 Re6 35. h4 Qc6 36. Qxc6 Rxc6 37. h5 Rc3 38. g4 Ra3 39. f3
h6 40. Kg3 Ra4 41. Kf2 Ra2+ 42. Ke3 Ra3+ 43. Kd4 Ra4+ 44. Kc3 Ra1 45. Kb4 Ra2
46. Rd5 Re2 47. Rd3 Rb2+ 48. Ka3 Rb5 49. Ka4 Rb1 50. Rd6 Rf1 51. Rxa6 Rxf3 52.
Rb6 f5 53. a6 fxg4 54. Rg6+ Kh7 55. Rxg4 Rf6 56. Rg6 Rf4+ 57. Kb5 Rf5+ 58. Kb6
Rxh5 59. Rc6 Rh1 60. a7 60... Rb1+ {(...)} 1-0

[Event "LTU chess league"]
[Site "LTU"]
[Date "2008.11.09"]
[Round "2.25"]
[White "Petkeviciute, Justina"]
[Black "Domarkaite, Laima"]
[Result "0-1"]
[WhiteElo "1812"]
[BlackElo "2165"]
[PlyCount "100"]
[EventDate "2008.11.08"]

1. e4 c5 2. Nf3 d6 3. c3 Nf6 4. Bd3 Nc6 5. h3 e5 6. Bc2 Qc7 7. d3 h6 8. Nbd2
Be7 9. a4 Be6 10. Nf1 d5 11. exd5 Nxd5 12. Ng3 O-O 13. O-O Rfe8 14. Re1 Rad8
15. Qe2 Bd6 16. Ne4 Bf8 17. Ng3 Bc8 18. Be3 Nf4 19. Qf1 Ne6 20. Rad1 b6 21. Nh5
Ba6 22. Nh4 e4 23. f3 Rd5 24. Nf4 Nxf4 25. fxe4 Nxh3+ 26. gxh3 Rh5 27. Nf5 Qd7
28. Qf3 g6 29. Rd2 Ne5 30. Qg3 Kh7 31. Rg2 Bxd3 32. Bd1 Bxe4 33. Bxh5 Bxg2 34.
Qxg2 Qxf5 35. Bd1 Bg7 36. Rf1 Qd3 37. Bf4 f5 38. Kh2 Qc4 39. Bc1 Nd3 40. Be2
Qe4 41. Bf3 Qe7 42. Rg1 Qd6+ 43. Kh1 Re1 44. Bd2 Rxg1+ 45. Qxg1 Nxb2 46. Be1
Nxa4 47. Qe3 Qe5 48. Qf2 c4 49. Bc6 Nxc3 50. Qh4 Ne4 0-1

[Event "LTU chess league"]
[Site "LTU"]
[Date "2008.11.09"]
[Round "2.31"]
[White "Narmontas, Matas"]
[Black "Zilinskas, Vaidas"]
[Result "1-0"]
[WhiteElo "2381"]
[BlackElo "2131"]
[PlyCount "49"]
[EventDate "2008.11.08"]

1. e4 d6 2. d4 e5 3. Nf3 exd4 4. Nxd4 Nc6 5. Nc3 Nf6 6. Bc4 Be7 7. Be3 O-O 8.
Nxc6 bxc6 9. O-O Be6 10. Bb3 c5 11. Qe2 Qc8 12. f4 Rb8 13. f5 Bd7 14. Bg5 Bc6
15. Rae1 Re8 16. Qc4 Rf8 17. a3 Qb7 18. e5 dxe5 19. Rxe5 Bd6 20. Bxf6 gxf6 21.
Re2 Kh8 22. Qh4 Rg8 23. Bxf7 Bxg2 24. Bxg8 Bxf1 25. Qxh7# 1-0

[Event "LTU chess league"]
[Site "LTU"]
[Date "2008.11.09"]
[Round "2.33"]
[White "Dubovikas, Tomas"]
[Black "Narmontas, Raimondas"]
[Result "1/2-1/2"]
[WhiteElo "2185"]
[BlackElo "2131"]
[PlyCount "29"]
[EventDate "2008.11.08"]

1. e4 c5 2. Nf3 Nc6 3. d4 cxd4 4. Nxd4 e5 5. Nb5 d6 6. N1c3 a6 7. Na3 Be6 8. g3
Be7 9. Bg2 Rc8 10. Nd5 Bg5 11. O-O Bxc1 12. Rxc1 Nge7 13. Ne3 b5 14. Kh1 O-O
15. f4 1/2-1/2

[Event "LTU chess league"]
[Site "LTU"]
[Date "2008.11.09"]
[Round "2.41"]
[White "Rositsan, Boris"]
[Black "Starostits, Ilmars"]
[Result "0-1"]
[WhiteElo "2228"]
[BlackElo "2480"]
[PlyCount "128"]
[EventDate "2008.11.08"]

1. e4 c6 2. d4 d5 3. exd5 cxd5 4. c4 Nf6 5. Nc3 Nc6 6. Nf3 Bg4 7. Be2 e6 8. h3
Bxf3 9. Bxf3 dxc4 10. O-O Nd5 11. Qa4 Nb6 12. Bxc6+ bxc6 13. Qxc6+ Qd7 14. Qe4
Be7 15. Rd1 Nd5 16. Qg4 g6 17. Bh6 f5 18. Qe2 Rc8 19. Bg7 Rg8 20. Be5 Kf7 21.
Rac1 Rgd8 22. Qd2 Bf8 23. a3 Bg7 24. Re1 Bxe5 25. dxe5 Nxc3 26. Qxc3 Qd2 27.
Qg3 g5 28. Qf3 Kg6 29. Qb7 Qd7 30. Qf3 Qd5 31. Qe3 Qd4 32. Qf3 Qxb2 33. h4 Rd3
34. h5+ Kh6 35. Qe2 Qxe2 36. Rxe2 Rxa3 37. Rd2 Ra5 38. Rd7 c3 39. Rc2 a6 40.
Rd6 Rxe5 41. Rxa6 Kxh5 42. Ra3 Rec5 43. Ra6 R8c6 44. Ra7 Kg6 45. Kf1 h5 46. Ra8
Rb5 47. Ra3 Rb1+ 48. Ke2 Rb2 49. Kd3 Rxc2 50. Kxc2 f4 51. Ra8 e5 52. Rg8+ Kf5
53. Rf8+ Kg4 54. Re8 Rc5 55. Rg8 e4 56. Re8 Rc4 57. Re5 h4 58. Ra5 f3 59. gxf3+
exf3 60. Ra3 Re4 61. Kxc3 Re2 62. Ra1 h3 63. Rg1+ Kh4 64. Kd3 h2 0-1

[Event "LTU chess league"]
[Site "LTU"]
[Date "2008.11.09"]
[Round "2.42"]
[White "Sarakauskas, Gediminas"]
[Black "Baliasnyj, Timur"]
[Result "1-0"]
[WhiteElo "2429"]
[BlackElo "2238"]
[PlyCount "53"]
[EventDate "2008.11.08"]

1. d4 d5 2. c4 e6 3. Nc3 c5 4. cxd5 exd5 5. dxc5 d4 6. Ne4 Bxc5 7. Nxc5 Qa5+ 8.
Bd2 Qxc5 9. Rc1 Qf5 10. Nf3 Nc6 11. Qa4 Nge7 12. Nxd4 Qg4 13. Rc4 Qg6 14. Nxc6
Nxc6 15. Qc2 Bf5 16. e4 Bd7 17. Rc3 Rc8 18. Rg3 Qe6 19. Qc4 Qe5 20. Bc3 Qf4 21.
Be2 b5 22. Qd5 b4 23. Bxg7 Ne7 24. Qe5 Qc1+ 25. Bd1 Rc5 26. Qb8+ Rc8 27. Qxb4
1-0

[Event "LTU chess league"]
[Site "LTU"]
[Date "2008.11.09"]
[Round "2.44"]
[White "Zickus, Simonas"]
[Black "Malofej, Denis"]
[Result "1-0"]
[WhiteElo "2315"]
[BlackElo "2014"]
[PlyCount "119"]
[EventDate "2008.11.08"]

1. Nf3 d5 2. g3 c6 3. Bg2 Nf6 4. O-O Bg4 5. c4 Nbd7 6. d3 e6 7. Nc3 Be7 8. Be3
a6 9. a4 Bxf3 10. exf3 Bb4 11. Qb3 a5 12. Na2 Qe7 13. Nxb4 Qxb4 14. Qc2 O-O 15.
Rfc1 Rfc8 16. Ra3 b6 17. f4 Qd6 18. f5 e5 19. d4 exd4 20. Bxd4 Re8 21. cxd5
cxd5 22. Re3 Qb4 23. Bc3 Qc5 24. Qd2 Rxe3 25. Qxe3 Qxe3 26. fxe3 Re8 27. Bd4
Kf8 28. Rc6 Rb8 29. Bf1 Ke7 30. Bb5 Ne8 31. Kf2 Nd6 32. Bxg7 Nxf5 33. Bc3 Nd6
34. Bd4 Rc8 35. Rxc8 Nxc8 36. Bd3 h6 37. Bg7 Nc5 38. Bc2 h5 39. Bd4 Ke6 40. Kf3
Nd6 41. b3 Nde4 42. Bxe4 dxe4+ 43. Kf4 Nxb3 44. Bxb6 f5 45. Kg5 Nd2 46. Kxh5
Nf1 47. h4 Nxg3+ 48. Kg5 Nf1 49. h5 Nd2 50. h6 Kf7 51. Kxf5 Kg8 52. Kg6 Nf3 53.
Bc7 Nh4+ 54. Kg5 Nf3+ 55. Kf4 Kh7 56. Kxe4 Nd2+ 57. Kd3 Nb3 58. Bd6 Nc1+ 59.
Kd2 Nb3+ 60. Kc2 1-0

[Event "LTU chess league"]
[Site "LTU"]
[Date "2008.11.09"]
[Round "2.45"]
[White "Joffe, Roza"]
[Black "Berzina, Ilza"]
[Result "0-1"]
[WhiteElo "2043"]
[BlackElo "2320"]
[PlyCount "47"]
[EventDate "2008.11.08"]

1. d4 d5 2. c4 e6 3. Nc3 c6 4. cxd5 exd5 5. Bf4 Nf6 6. e3 Bd6 7. Bxd6 Qxd6 8.
Qb3 O-O 9. Bd3 Nbd7 10. Nge2 Re8 11. O-O Ng4 12. Ng3 Ndf6 13. Qc2 h5 14. Rfe1
Bd7 15. Bf5 h4 16. Nf1 h3 17. gxh3 Nh6 18. Bxd7 Qxd7 19. Kg2 Nf5 20. f3 Nh4+
21. Kg3 g5 22. f4 Nh5+ 23. Kf2 Qxh3 24. fxg5 0-1

[Event "LTU chess league"]
[Site "LTU"]
[Date "2008.11.09"]
[Round "2.51"]
[White "Macenis, Audrius"]
[Black "Sakalauskas, Vaidas"]
[Result "1/2-1/2"]
[WhiteElo "2165"]
[BlackElo "2404"]
[PlyCount "51"]
[EventDate "2008.11.08"]

1. e4 e6 2. d4 d5 3. Nd2 Nf6 4. e5 Nfd7 5. Bd3 c5 6. c3 Nc6 7. Ne2 cxd4 8. cxd4
f6 9. exf6 Nxf6 10. Nf3 Bd6 11. Bf4 Qa5+ 12. Qd2 Qxd2+ 13. Kxd2 Bxf4+ 14. Nxf4
O-O 15. g3 Ne4+ 16. Ke3 g5 17. Ne2 Nxf2 18. Kxf2 g4 19. Nf4 gxf3 20. Ke3 e5 21.
dxe5 Nxe5 22. h3 Bf5 23. Bxf5 Rxf5 24. Rad1 Rd8 25. b3 Ng6 26. Kxf3 1/2-1/2

[Event "LTU chess league"]
[Site "LTU"]
[Date "2008.11.09"]
[Round "2.52"]
[White "Kudzma, Laimonas"]
[Black "Vasylius, Kestutis"]
[Result "1/2-1/2"]
[WhiteElo "2255"]
[BlackElo "2105"]
[PlyCount "101"]
[EventDate "2008.11.08"]

1. Nf3 c5 2. c4 Nc6 3. Nc3 g6 4. g3 Bg7 5. Bg2 e5 6. O-O Nge7 7. d3 O-O 8. Bd2
d6 9. Qc1 Rb8 10. Bh6 a6 11. Bxg7 Kxg7 12. e3 b5 13. Rd1 Qb6 14. b3 Rd8 15. Qb2
Be6 16. d4 cxd4 17. exd4 Bg4 18. dxe5 dxe5 19. Nd5 Nxd5 20. cxd5 Bxf3 21. Bxf3
Nd4 22. Bg2 Rbc8 23. Rac1 Rc5 24. h3 Rdc8 25. Rxc5 Qxc5 26. Qd2 Qc2 27. f4 f6
28. fxe5 fxe5 29. Kh2 a5 30. d6 Qxd2 31. Rxd2 Rd8 32. b4 Rxd6 33. Rb2 a4 34. a3
Rd7 35. Rb1 Rc7 36. Re1 Kf6 37. Re3 Rc2 38. h4 h5 39. Kh3 Rb2 40. Bd5 Rd2 41.
Bb7 Ra2 42. Bd5 Ra1 43. g4 hxg4+ 44. Kxg4 Rg1+ 45. Kh3 Rd1 46. Be4 Rd2 47. Rg3
Nf5 48. Rc3 Rd4 49. Rc6+ Nd6 50. Bc2 e4 51. Bxe4 1/2-1/2

[Event "LTU chess league"]
[Site "LTU"]
[Date "2008.11.09"]
[Round "2.53"]
[White "Setkauskas, Vaidas"]
[Black "Skrebnevskis, Romanas"]
[Result "1-0"]
[WhiteElo "2065"]
[BlackElo "2235"]
[PlyCount "67"]
[EventDate "2008.11.08"]

1. e4 e6 2. d4 d5 3. Nc3 Nf6 4. Bg5 Be7 5. e5 Nfd7 6. Bxe7 Qxe7 7. f4 O-O 8.
Nf3 c5 9. dxc5 Nxc5 10. Bd3 f6 11. Qd2 Nc6 12. O-O-O Bd7 13. Rde1 Rac8 14. Kb1
Be8 15. g4 d4 16. exf6 Qxf6 17. Ne4 Nxe4 18. Rxe4 Bg6 19. f5 exf5 20. Rf4 Qd6
21. Bxf5 Bxf5 22. gxf5 Qd5 23. f6 Rxf6 24. Rxf6 gxf6 25. Qf4 Kf7 26. Rf1 Rg8
27. Qc7+ Ne7 28. Ne5+ Ke8 29. Nc4 Nf5 30. b3 b5 31. Rxf5 Qh1+ 32. Kb2 bxc4 33.
Rb5 c3+ 34. Ka3 1-0

[Event "LTU chess league"]
[Site "LTU"]
[Date "2008.11.09"]
[Round "2.54"]
[White "Limontaite, Simona"]
[Black "Petrauskas, Saulius"]
[Result "1-0"]
[WhiteElo "2197"]
[BlackElo "2045"]
[PlyCount "115"]
[EventDate "2008.11.08"]

1. d4 d5 2. c4 e6 3. Nf3 Be7 4. Nc3 Nf6 5. Bf4 O-O 6. e3 b6 7. Bd3 dxc4 8. Bxc4
Ba6 9. Qe2 Bxc4 10. Qxc4 c5 11. O-O cxd4 12. Nxd4 Qc8 13. Qe2 Nc6 14. Rac1 Nxd4
15. exd4 Qd7 16. Rfd1 Rfd8 17. Rd3 Rac8 18. Rcd1 Nd5 19. Be5 Nxc3 20. bxc3 f6
21. Bg3 Bd6 22. Re1 Bxg3 23. Rxg3 Rc6 24. Qg4 Qf7 25. f4 Rdc8 26. Ree3 f5 27.
Qf3 Rd6 28. Qe2 Qd7 29. h3 Rcc6 30. Re5 Rd5 31. Kh2 b5 32. a3 a5 33. Qe1 Kf7
34. Rge3 h6 35. Qe2 Rxe5 36. dxe5 Rc5 37. Rd3 Rd5 38. Qh5+ Kf8 39. Rg3 Rd3 40.
Qe2 Rxg3 41. Kxg3 Qd5 42. Kh2 Kg8 43. Qe3 Qb3 44. Qc5 Kh7 45. h4 Qd5 46. Qxd5
exd5 47. h5 Kg8 48. Kg3 d4 49. Kf3 dxc3 50. Ke3 b4 51. axb4 axb4 52. Kd3 Kf7
53. Kc2 g5 54. fxg5 hxg5 55. h6 f4 56. h7 Kg7 57. e6 g4 58. e7 1-0

[Event "LTU chess league"]
[Site "LTU"]
[Date "2008.11.09"]
[Round "2.55"]
[White "Zalimaite, Ieva"]
[Black "Batkovskyte, Dominyka"]
[Result "0-1"]
[WhiteElo "1857"]
[BlackElo "1972"]
[PlyCount "62"]
[EventDate "2008.11.08"]

1. c4 e6 2. g3 d5 3. Bg2 Nf6 4. e3 c6 5. Qc2 Be7 6. Ne2 O-O 7. d4 Nbd7 8. f4 c5
9. b3 b6 10. Nbc3 Bb7 11. O-O Rc8 12. cxd5 exd5 13. Qd3 Re8 14. f5 Nb8 15. Bb2
Ba6 16. Qd2 cxd4 17. exd4 Bb4 18. Rf2 Bxe2 19. Rxe2 Rxe2 20. Qxe2 Bxc3 21. Bxc3
Rxc3 22. Re1 h6 23. Qb5 a6 24. Qb4 Qc7 25. Re7 Rc1+ 26. Bf1 Nbd7 27. Kg2 Qc2+
28. Be2 Ne4 29. Kf3 Rf1+ 30. Bxf1 Qf2+ 31. Kg4 Ndf6+ 0-1

[Event "LTU chess league"]
[Site "LTU"]
[Date "2008.12.07"]
[Round "3.11"]
[White "Grabliauskas, Virginijus"]
[Black "Rositsan, Boris"]
[Result "1/2-1/2"]
[WhiteElo "2427"]
[BlackElo "2228"]
[PlyCount "32"]
[EventDate "2008.11.08"]

1. d4 d5 2. c4 c6 3. Nf3 Nf6 4. Nc3 a6 5. g3 dxc4 6. Bg2 Bg4 7. Ne5 e6 8. O-O
Nbd7 9. Nxc4 Be7 10. Qb3 Ra7 11. e4 O-O 12. Be3 b5 13. Ne5 Rc7 14. h3 Bh5 15.
g4 Bg6 16. f4 b4 1/2-1/2

[Event "LTU chess league"]
[Site "LTU"]
[Date "2008.12.07"]
[Round "3.12"]
[White "Baliasnyj, Timur"]
[Black "Dambrauskas, Virginijus"]
[Result "1/2-1/2"]
[WhiteElo "2238"]
[BlackElo "2338"]
[PlyCount "125"]
[EventDate "2008.11.08"]

1. c4 c6 2. Nf3 d5 3. g3 Nf6 4. Bg2 Bf5 5. O-O Nbd7 6. d3 e5 7. cxd5 cxd5 8.
Qa4 Bd6 9. Nc3 O-O 10. Bg5 h6 11. Bxf6 Nxf6 12. Rac1 Qe7 13. Nb5 Bb8 14. Qa5
Be6 15. Rc2 Rd8 16. Rfc1 Ne8 17. Nd2 a6 18. Nb3 b6 19. Qa4 Qb7 20. Nc3 Nf6 21.
Nd1 Bd6 22. Ne3 Rac8 23. Nd2 Rxc2 24. Rxc2 b5 25. Qa5 Rc8 26. Nb3 Rxc2 27. Qd8+
Kh7 28. Nxc2 Qc6 29. Ne3 Bc7 30. Qf8 Nd7 31. Qe8 Qd6 32. Qa8 Nf6 33. Qb7 Kg6
34. Qa7 Qb6 35. Qa8 Qd6 36. Qb7 Kh7 37. Qa7 g6 38. Qc5 Kg7 39. Nc2 Nd7 40. Qc3
Bb6 41. d4 e4 42. Nc5 a5 43. b4 axb4 44. Nxb4 Kg8 45. Nxd7 Bxd7 46. e3 Ba5 47.
a3 Kf8 48. Bf1 h5 49. h4 f6 50. Qb3 Bxb4 51. axb4 Qc6 52. Qa3 Ke7 53. Qa7 Qc1
54. Kg2 Qc6 55. Qb8 Qd6 56. Qg8 Be8 57. Kh2 Bf7 58. Qa8 Qxb4 59. Qb7+ Kf8 60.
Bxb5 Be8 61. Ba6 Qxb7 62. Bxb7 Bf7 63. Kg2 1/2-1/2

[Event "LTU chess league"]
[Site "LTU"]
[Date "2008.12.07"]
[Round "3.13"]
[White "Novikov, Vitalij"]
[Black "Molofej, Denis"]
[Result "1-0"]
[WhiteElo "2325"]
[BlackElo "2014"]
[PlyCount "97"]
[EventDate "2008.11.08"]

1. e4 e5 2. Nf3 Nc6 3. Bb5 a6 4. Bxc6 dxc6 5. O-O Bg4 6. h3 h5 7. d3 Qf6 8.
Nbd2 Ne7 9. Re1 Ng6 10. d4 Bd6 11. hxg4 hxg4 12. Nh2 Rxh2 13. Qxg4 Qh4 14. Qxh4
Rxh4 15. Nf3 Rg4 16. g3 Nf8 17. dxe5 Bc5 18. Kg2 O-O-O 19. e6 Rg6 20. exf7 Ne6
21. e5 Be7 22. Be3 Rf8 23. Rh1 b5 24. Rad1 c5 25. Nh4 Bxh4 26. Rxh4 Rxf7 27. f4
Kb7 28. c3 Kc6 29. Rf1 Rh6 30. Rxh6 gxh6 31. Rh1 Rh7 32. f5 Ng7 33. g4 Kd5 34.
Rxh6 Rxh6 35. Bxh6 Nxf5 36. gxf5 Kxe5 37. Kf3 Kxf5 38. c4 Ke5 39. Bg7+ Kd6 40.
b3 Kc6 41. Ke4 bxc4 42. bxc4 Kd6 43. Bf8+ Kc6 44. Ke5 Kb6 45. Kd5 c6+ 46. Kd6
Ka5 47. Kxc5 Ka4 48. Kxc6 a5 49. c5 1-0

[Event "LTU chess league"]
[Site "LTU"]
[Date "2008.12.07"]
[Round "3.21"]
[White "Pileckis, Emilis"]
[Black "Narmontas, Matas"]
[Result "0-1"]
[WhiteElo "2472"]
[BlackElo "2281"]
[PlyCount "120"]
[EventDate "2008.11.08"]

1. Nf3 d5 2. d4 c6 3. c4 Nf6 4. Nc3 a6 5. c5 g6 6. Bf4 Bg7 7. e3 Nbd7 8. Be2
Nh5 9. Bg5 b6 10. cxb6 Qxb6 11. Na4 Qa5+ 12. Nd2 e5 13. O-O exd4 14. exd4 O-O
15. Rc1 Bb7 16. b4 Qc7 17. Bxh5 gxh5 18. Qxh5 Rfe8 19. Bh6 Bxh6 20. Qxh6 Re6
21. Qg5+ Kh8 22. Rfe1 Rg8 23. Qf5 Rf6 24. Qd3 Qf4 25. Qe3 Qg4 26. g3 Bc8 27.
Nc5 Nxc5 28. dxc5 Re6 29. Qc3+ d4 30. Qf3 Qg5 31. Qd3 Qd5 32. Qc4 Qxc4 33. Nxc4
Rxe1+ 34. Rxe1 Be6 35. Nd6 d3 36. Rd1 Rb8 37. a3 a5 38. b5 cxb5 39. Rxd3 b4 40.
axb4 axb4 41. Rd2 b3 42. Rb2 Ra8 43. c6 Ra2 44. Rxb3 Bxb3 45. c7 Ra1+ 46. Kg2
Bd5+ 47. f3 Ra2+ 48. Kg1 Be6 49. c8=Q+ Bxc8 50. Nxc8 Kg7 51. Nd6 Kf6 52. h4 Ke6
53. Ne4 h6 54. Kf1 Ke5 55. h5 f5 56. Nc3 Ra3 57. f4+ Ke6 58. Ne2 Kd5 59. Kg2
Ke4 60. Kf2 Ra2 0-1

[Event "LTU chess league"]
[Site "LTU"]
[Date "2008.12.07"]
[Round "3.22"]
[White "Narmontas, Tauras"]
[Black "Labeckas, Kestutis"]
[Result "1/2-1/2"]
[WhiteElo "2279"]
[BlackElo "2345"]
[PlyCount "59"]
[EventDate "2008.11.08"]

1. e4 d5 2. exd5 Qxd5 3. d4 Nf6 4. Nc3 Qd6 5. Nf3 a6 6. Bc4 b5 7. Bb3 e6 8. O-O
Bb7 9. Re1 Be7 10. d5 Nxd5 11. Nxd5 Bxd5 12. Bxd5 Qxd5 13. Qxd5 exd5 14. Bg5 f6
15. Bf4 Nc6 16. Rad1 Rd8 17. Rd3 Kf7 18. Rc3 Bd6 19. Rxc6 Bxf4 20. g3 Bd6 21.
Rd1 Ke6 22. Rxa6 Ra8 23. Nd4+ Kd7 24. Rxa8 Rxa8 25. Nxb5 Rxa2 26. Rxd5 Rxb2 27.
c4 Rc2 28. Nxd6 cxd6 29. Rd4 Ke6 30. Kg2 1/2-1/2

[Event "LTU chess league"]
[Site "LTU"]
[Date "2008.12.07"]
[Round "3.23"]
[White "Zapolskis, Antanas"]
[Black "Dubovikas, Tomas"]
[Result "1/2-1/2"]
[WhiteElo "2346"]
[BlackElo "2185"]
[PlyCount "112"]
[EventDate "2008.11.08"]

1. e4 e6 2. d4 c5 3. Nf3 cxd4 4. Nxd4 Qb6 5. a4 a6 6. a5 Qc7 7. Nd2 Nf6 8. Nc4
Nxe4 9. c3 Nc6 10. Nb6 Rb8 11. Nxc6 Qxc6 12. f3 Nf6 13. Bf4 d6 14. Ra4 Qc7 15.
Rc4 Qd8 16. Rd4 e5 17. Bxe5 Qe7 18. Nc4 Qe6 19. Be2 dxe5 20. Rd8+ Ke7 21. Rd6
Qf5 22. g4 Qf4 23. Rd8 e4 24. Rd4 Be6 25. Nd6 Qe5 26. O-O g5 27. fxe4 Bg7 28.
Nf5+ Kf8 29. b4 Re8 30. Nd6 Re7 31. Nf5 Rd7 32. Bf3 h5 33. gxh5 g4 34. Rxd7
Bxd7 35. Bxg4 Bxf5 36. Rxf5 Qxe4 37. h3 Ke7 38. Rc5 Rd8 39. Rc7+ Ke8 40. Qe2
Qxe2 41. Bxe2 Rd7 42. Rc5 Nd5 43. Bg4 Rd8 44. Bf3 Bxc3 45. Rxd5 Rxd5 46. Bxd5
Bxb4 47. Bxb7 Bxa5 48. Bxa6 Bd2 49. Kf2 Kf8 50. Ke2 Bh6 51. Kf3 Kg7 52. Kg4 Kf6
53. Bc4 Bd2 54. Kf3 Kg7 55. Ke4 f6 56. Kf5 Bc1 1/2-1/2

[Event "LTU chess league"]
[Site "LTU"]
[Date "2008.12.07"]
[Round "3.25"]
[White "Balcaite, Agne"]
[Black "Paulauskaite, Gintare"]
[Result "0-1"]
[WhiteElo "1864"]
[BlackElo "2044"]
[PlyCount "96"]
[EventDate "2008.11.08"]

1. e4 e6 2. d4 d5 3. exd5 exd5 4. Bd3 Nc6 5. c3 Bd6 6. Qf3 Be6 7. Ne2 Qd7 8.
Nf4 Nf6 9. Nxe6 fxe6 10. Bg5 O-O-O 11. Nd2 Rdf8 12. Qh3 h6 13. Bxf6 Rxf6 14.
Nf3 g5 15. Nxg5 e5 16. Qxd7+ Kxd7 17. Nh3 exd4 18. cxd4 Bb4+ 19. Kd1 Nxd4 20.
g3 Re8 21. Nf4 Kd6 22. a3 Nb3 23. Rb1 Ba5 24. Bc2 Nd4 25. Bd3 Nb3 26. Bc2 Nd2
27. Rc1 Ne4 28. Bxe4 Rxe4 29. b4 Bb6 30. Rc2 Rf8 31. Re1 Rfe8 32. Rce2 Bxf2 33.
Rxe4 Rxe4 34. Rxe4 dxe4 35. Ke2 Bd4 36. a4 a5 37. b5 c6 38. bxc6 bxc6 39. Ng2
c5 40. g4 c4 41. Ne3 Bxe3 42. Kxe3 Ke5 43. h4 c3 44. g5 hxg5 45. hxg5 Kf5 46.
Ke2 Kxg5 47. Kd1 e3 48. Kc2 e2 0-1

[Event "LTU chess league"]
[Site "LTU"]
[Date "2008.12.07"]
[Round "3.31"]
[White "Zilinskas, Vaidas"]
[Black "Macenis, Audrius"]
[Result "1-0"]
[WhiteElo "2131"]
[BlackElo "2165"]
[PlyCount "137"]
[EventDate "2008.11.08"]

1. e4 e6 2. Qe2 c5 3. c4 Nc6 4. Nf3 g6 5. Nc3 Bg7 6. d3 Nge7 7. Bf4 d6 8. Qd2
O-O 9. Bh6 d5 10. h4 dxc4 11. h5 cxd3 12. Bxg7 Kxg7 13. e5 Ng8 14. O-O-O b6 15.
Bxd3 Bb7 16. hxg6 h6 17. gxf7 Rxf7 18. Rh3 Nb4 19. Qe3 Bxf3 20. Rg3+ Kh8 21.
gxf3 Nxd3+ 22. Rxd3 Qh4 23. Ne4 Raf8 24. Kc2 Ne7 25. Rg4 Qh2 26. Nf6 Nf5 27.
Qe1 Nd4+ 28. Kb1 Rxf6 29. exf6 Rxf6 30. f4 Qh5 31. Qg1 Rf8 32. Rg6 Ne2 33. Qg4
Qxg4 34. Rxg4 Nd4 35. b4 Kh7 36. bxc5 bxc5 37. Rh3 Rb8+ 38. Kc1 Rb4 39. Ra3 Rb7
40. Ra5 Rc7 41. Ra6 h5 42. Rh4 Kg6 43. f5+ Kxf5 44. Rxh5+ Ke4 45. Ra5 Nf5 46.
Kc2 Kd5 47. Kc3 Rg7 48. Rh8 Nd6 49. Rd8 e5 50. Ra6 Rg6 51. Rxa7 Ke4 52. Ra5 Nb7
53. Ra4+ Kf5 54. Rf8+ Kg5 55. Kc4 Rd6 56. Ra3 Rd4+ 57. Kb5 Nd6+ 58. Kxc5 Ne4+
59. Kc6 Rd6+ 60. Kc7 Rd2 61. Re3 Nxf2 62. Rxe5+ Kg6 63. a4 Nd3 64. Re3 Rc2+ 65.
Kd6 Nb4 66. Rg3+ Kh7 67. Rf4 Rd2+ 68. Ke6 Re2+ 69. Kf7 1-0

[Event "LTU chess league"]
[Site "LTU"]
[Date "2008.12.07"]
[Round "3.32"]
[White "Vasylius, Kestutis"]
[Black "Tamosaitis, Rimas"]
[Result "0-1"]
[WhiteElo "2105"]
[BlackElo "2196"]
[PlyCount "78"]
[EventDate "2008.11.08"]

1. e4 g6 2. d4 Bg7 3. Nc3 c6 4. Nf3 d5 5. Bf4 Bg4 6. e5 e6 7. h3 Bxf3 8. Qxf3
Nd7 9. Qe3 Qa5 10. Be2 b5 11. O-O Ne7 12. a3 Nf5 13. Qd2 Qb6 14. Rfd1 a6 15. g4
Ne7 16. Bh6 Kf8 17. Qg5 Ng8 18. Bxg7+ Kxg7 19. Kg2 c5 20. dxc5 Qxc5 21. Rd2 h6
22. Qf4 g5 23. Qg3 Qc7 24. a4 b4 25. Na2 a5 26. Bb5 Nxe5 27. Re1 f6 28. f4 Ng6
29. f5 Nf4+ 30. Kf1 e5 31. c3 h5 32. Rh2 hxg4 33. hxg4 Rxh2 34. Qxh2 Ne7 35.
cxb4 Rh8 36. Qg1 Qc2 37. Rc1 Qd2 38. Re1 Rh2 39. Nc1 Nh3 0-1

[Event "LTU chess league"]
[Site "LTU"]
[Date "2008.12.07"]
[Round "3.33"]
[White "Narmontas, Raimondas"]
[Black "Setkauskas, Vaidas"]
[Result "1-0"]
[WhiteElo "2131"]
[BlackElo "2065"]
[PlyCount "79"]
[EventDate "2008.11.08"]

1. d4 Nf6 2. c3 d5 3. Bg5 Bf5 4. Qb3 b6 5. Nd2 e6 6. f3 Be7 7. e4 Bg6 8. e5
Nfd7 9. Bxe7 Qxe7 10. f4 O-O 11. Ngf3 c5 12. Be2 Nc6 13. O-O Rac8 14. Qa4 Rc7
15. Rac1 Ndb8 16. dxc5 bxc5 17. Nb3 f6 18. exf6 Rxf6 19. Rce1 Bc2 20. Qb5 Bxb3
21. axb3 Rb7 22. Qa4 c4 23. bxc4 Rxf4 24. g3 Rf8 25. b4 Qd6 26. c5 Qc7 27. Bd3
Nd7 28. Rxe6 Rf6 29. Ng5 Rxe6 30. Nxe6 Qc8 31. Ba6 Nf6 32. Nf4 Qe8 33. Bxb7
Qe3+ 34. Kh1 Qe4+ 35. Ng2 Ng4 36. Qxc6 Nf2+ 37. Rxf2 Qb1+ 38. Ne1 Qxe1+ 39. Kg2
Qe4+ 40. Kh3 1-0

[Event "LTU chess league"]
[Site "LTU"]
[Date "2008.12.07"]
[Round "3.35"]
[White "Paulauskiene, Vilma"]
[Black "Zalimaite, Ieva"]
[Result "1/2-1/2"]
[WhiteElo "2097"]
[BlackElo "1857"]
[PlyCount "36"]
[EventDate "2008.11.08"]

1. d4 e6 2. c4 Bb4+ 3. Bd2 Bxd2+ 4. Qxd2 Nf6 5. Nc3 d6 6. Nf3 Nbd7 7. e4 e5 8.
dxe5 dxe5 9. Rd1 Qe7 10. Qg5 O-O 11. Be2 h6 12. Qe3 c6 13. Nh4 Nc5 14. O-O b6
15. a3 Ng4 16. Qg3 Nf6 17. Qe3 Ng4 18. Qg3 Nf6 1/2-1/2

[Event "LTU chess league"]
[Site "LTU"]
[Date "2008.12.07"]
[Round "3.41"]
[White "Sakalauskas, Vaidas"]
[Black "Bucinskas, Valdas"]
[Result "1-0"]
[WhiteElo "2404"]
[BlackElo "2325"]
[PlyCount "79"]
[EventDate "2008.11.08"]

1. d4 d5 2. c4 dxc4 3. Nf3 a6 4. e3 b5 5. a4 Bb7 6. b3 e6 7. bxc4 bxc4 8. Bxc4
Nf6 9. O-O c5 10. Ba3 Nbd7 11. Nbd2 Be7 12. Rb1 Ra7 13. Nb3 Be4 14. Rc1 cxd4
15. Bxe7 Kxe7 16. Nbxd4 Qb6 17. Ng5 Ba8 18. Qd2 Rb8 19. a5 Qb4 20. Qa2 h6 21.
Nxf7 Kxf7 22. Bxe6+ Ke8 23. Rb1 Qc5 24. Rfc1 Rxb1 25. Qxb1 Be4 26. Qa1 Qb4 27.
f3 Bb7 28. Qa2 Nc5 29. Bg8 Nfd7 30. Qf7+ Kd8 31. Nf5 Qxa5 32. Qe7+ Kc7 33. Qd6+
Kd8 34. Be6 Bc6 35. Qxc6 Rc7 36. Qa8+ Rc8 37. Qd5 Qb4 38. Qd6 Qa3 39. Qe7+ Kc7
40. Qxd7+ 1-0